| 000 | 00339nam a2200133Ia 4500 | ||
|---|---|---|---|
| 005 | 20251222143132.0 | ||
| 008 | 251222s9999||||xx |||||||||||||| ||spa|| | ||
| 020 | _a84-8063-522-3 | ||
| 082 | _a370.152.3/F46 | ||
| 100 | _aFichtner, Bernd | ||
| 245 | 0 | _aEnseñar y Aprender, un Diálogo con el Futuro: | |
| 264 | _bOctaedro | ||
| 942 | _cLIB | ||
| 999 |
_c11950 _d11950 |
||